000 00330 a2200145 4500
001 162602
020 _a
040 _cMagnum
100 _a-
240 1 0 _aAladim e a lampada maravilhosa/villa rica
_lpor
245 1 0 _aAladim e a lampada maravilhosa/villa rica
362 0 _a1899
697 _aI/FADAS, FANTASIA
942 _cBK
999 _c162602
_d162602